000 01606nam a2200373Ia 4500
001 62235397
003 OCoLC
005 20220727103907.0
008 051107s2004 sp a j 000 1 spa d
020 _a8434812622
020 _a9788434812628
040 _aOEL
_cOEL
_dBAKER
_dJTE
041 _aspa
100 1 _aPosadas, Carmen de
245 1 0 _aKiwi /
_cCarmen de Posadas ; ilustraciones de Antonio Tello.
250 _a28a. ed.
260 _aMadrid :
_bEdiciones SM,
_c2004.
300 _a61 p. :
_bill. ;
_c20 cm.
490 1 _aCollecion El Barco de vapor ;
_v6.
500 _aPrimeros lectores. Segundo nivel.
520 _aUna ma©łana, muy temprano, el cartero dej©đ en el buz©đn de la granja un paquete. Ser©Ł comida? Ser©Ł un tocadiscos? Cuidado, puede ser una bomba! Ojo, que va a explotar...! Y se arm©đ la revoluci©đn en la granja... Pero no era una bomba, era algo muy distinto; algo que iba a llenar de emoci©đn, suspende y aventura la vida rutinaria de la granja.
520 _aWhen an exotic kiwi bird hatches from a strange egg that dog has taken care of, all of the animals envy him.
526 0 _aAccelerated Reader AR
_bLG
_c3.7
_d0.5
_z18286.
650 0 _aKiwis
_vJuvenile fiction.
650 0 _aEggs
_vJuvenile fiction.
650 0 _aAnimals
_vJuvenile fiction.
650 7 _aHuevos
_vNovela infantil.
_2bidex.
650 7 _aAnimales
_vNovela infantil.
_2bidex.
650 7 _aGranjas
_vNovela infantil.
_2bidex.
650 1 _aSpanish language materials.
700 1 _aTello, Antonio.
830 0 _aBarco de vapor.
_pSerie blanca ;
_v6.
942 _cBK
_2ddc
999 _c27270
_d27270